A memoir addressed to proprietors of mountain and other waste lands, and agriculturists of the United Kingdom, on the naturalization of the alpaca. : Recommended by the Natural History Society of Liverpool as a new breeding stock not likely to interfere with sheep pasturage, andas being calculated to supply the manufacturer with another raw material, of our own growth, applicable by its fine quality and glossiness to the purposes of silk; and thus not in the least intermeddling with either the growers of British sheep's wool, or worsted spinners and woollen manufacturers (enlarged from a paper in the Polytechnic Journal for April, 1841 /

Bibliographic Details
Main Author: Walton, William, 1784-1857
Format: Book
Language:English
Published: London : printed for the Natural History Society of Liverpool, 1841.
Subjects:

MARC

Tag First Indicator Second Indicator Subfields
LEADER 00000cam a2200000I 4500
001 in00004538513
005 20231005194023.2
008 791009s1841 enkf 000 0 eng
010 |a  12023565  
035 |a (OCoLC)ocm05506342 
035 |a (OCoLC)5506342 
040 |a DLC  |b eng  |c IXA  |d OCLCQ  |d OCLCG  |d OCLCQ  |d OCLCF  |d OCLCQ  |d OCLCO  |d TMV  |d UtOrBLW 
049 |a TMVM 
050 0 0 |a SF401.A4  |b W24 
060 4 |a SF 401.A4  |b W238m 1841 
100 1 |a Walton, William,  |d 1784-1857.  |0 http://id.loc.gov/authorities/names/n88087030 
245 1 2 |a A memoir addressed to proprietors of mountain and other waste lands, and agriculturists of the United Kingdom, on the naturalization of the alpaca. :  |b Recommended by the Natural History Society of Liverpool as a new breeding stock not likely to interfere with sheep pasturage, andas being calculated to supply the manufacturer with another raw material, of our own growth, applicable by its fine quality and glossiness to the purposes of silk; and thus not in the least intermeddling with either the growers of British sheep's wool, or worsted spinners and woollen manufacturers (enlarged from a paper in the Polytechnic Journal for April, 1841 /  |c by William Walton. 
264 1 |a London :  |b printed for the Natural History Society of Liverpool,  |c 1841. 
264 3 |a London :  |b Smith, Elder, and Co. ;  |a Liverpool :  |b Wareing Webb and J.F. Cannell ;  |a Birmingham :  |b Wrighton and Webb 
300 |a 44 pages :  |b 3 plates (1 color) ;  |c 22 cm 
336 |a text  |b txt  |2 rdacontent 
337 |a unmediated  |b n  |2 rdamedia 
338 |a volume  |b nc  |2 rdacarrier 
500 |a "Enlarged from a paper in the Polytechnic journal for April, 1841." 
561 |a Niall Kenny (sold to TMV); Royal Agricultural Society of England (stamp on title page) .  |5 TMV 
563 |a Disbound, lacks two plates.  |5 TMV 
650 0 |a Llamas.  |0 http://id.loc.gov/authorities/subjects/sh85077837 
650 7 |a Llamas.  |2 fast  |0 (OCoLC)fst01000975 
999 |a MARS 
999 f f |s c8c72b10-59ba-36bf-aac6-2d72f522c78e  |i ae8a1ee7-05b9-37cf-b988-bca7d1e889b7  |t 0 
952 f f |p noncirc  |a Texas A&M University  |b College Station  |c Medical Sciences Library  |s MSL SC Kenny Collection  |d MSL: Special Collections  |t 0  |e SF 401.A4 W238m 1841  |h Library of Congress classification  |i unmediated -- volume  |m 323890273892D